000 00493nam a2200169Ia 4500
008 240729s9999 xx 000 0 und d
022 _a2674-0095
245 0 _aFrontiers in Molecular Medicine
260 _aSwitzerland
260 _bFrontiers Media S.A.
650 _a Computer applications to medicine. Medical informatics
650 _a Medicine (General)
650 _aMedicine
856 _uhttps://doaj.org/toc/a990380a04f345669427b47f1cd04589
942 _2ddc
942 _cDOAJEJ
999 _c75045
_d75045
945 _a1
_bMadushi Gamage
_c1
_dMadushi Gamage